Informations- und Kommunikationsdienste jährliche Statistiken 1980-1995
Gespeichert in:
| Körperschaft: | |
|---|---|
| Format: | Buch |
| Sprache: | Deutsch Englisch Französisch |
| Veröffentlicht: |
Luxembourg
Amt für amtliche Veröffentlichungen der Europäischen Gemeinschaften
1997
|
| Schlagworte: | |
| Tags: |
Keine Tags, Fügen Sie das erste Tag hinzu!
|
MARC
| LEADER | 00000nam a2200000 4500 | ||
|---|---|---|---|
| 001 | c123746 | ||
| 005 | 20240104115039.2 | ||
| 020 | |a 92-827-9679-5 | ||
| 041 | 0 | |a ger | |
| 041 | 0 | |a eng | |
| 041 | 0 | |a fre | |
| 044 | |a LU | ||
| 245 | 1 | 0 | |a Informations- und Kommunikationsdienste |b jährliche Statistiken 1980-1995 |
| 264 | 1 | |a Luxembourg |b Amt für amtliche Veröffentlichungen der Europäischen Gemeinschaften |c 1997 | |
| 300 | |a 248 s. | ||
| 610 | 2 | 0 | |a komunikácia |
| 610 | 2 | 0 | |a služby |
| 610 | 2 | 0 | |a distribúcia |
| 610 | 2 | 0 | |a doprava |
| 610 | 2 | 0 | |a obchod |
| 610 | 2 | 0 | |a telekomunikácie |
| 610 | 2 | 0 | |a služby poštové |
| 610 | 2 | 0 | |a služby informačné |
| 610 | 2 | 0 | |a Európska únia |
| 710 | 2 | |a Eurostat | |